000 00468nam a22001817a 4500
999 _c5075
_d5075
003 OSt
005 20181220104522.0
008 181220b ||||| |||| 00| 0 eng d
020 _a0892760427
040 _cDLC
082 _a242
_bH145F
100 _aHagin,Kenneth E
245 _aFaith Food:
_bDaily Devotions For Spring /
260 _aOklahoma, USA :
_bKenneth Hagin Ministries,
_cc1986.
300 _a92 p.:
650 _aDaily Devotions
_xFaith
942 _2ddc
_cBK